01008 a2200205 4500010001400000020002600014035001300040037001600053082001100069090001700080111007800097245027200175260004000447270005500487300002900542500005200571942002600623999001700649952013600666 aENG-89811 a9788175413719c550.00 aEN-73344 bDBAD / PUB a354.54 c11744d11744 aChief Executive Conference on Public Sector EnterprisescNew Delhid2007 aEmpowering public sector enterprises in India:proceedings of Chief Executive Conference on public sector enterprises, New Delhi, 8th March, 2007 organized jointly by the Department of Public Enterprises and the Standing Conference on Public Sector Enterprises (SCOPE) aDelhi :bShipra Publicationsc2008 a115-A, Vikas Marg, ShakarpurbDelhicDelhie110092 axxxi, 223p.c23 cm (Hb) aIncludes bibliographical references and index adplcENk 354.54/ EMP c11411d11411 00102ddc40718NFICaDBADbDBADeDBAD/PUBg550.00l0o354.54 CHIpEN-73344r2008-09-15 00:00:00t1u12523v550.00w2008-09-15yEN